Factors affecting power plant waste heat utilization (Record no. 7187)

000 -LEADER
fixed length control field 00622nam a2200217 i 4500
001 - CONTROL NUMBER
control field 7187
003 - CONTROL NUMBER IDENTIFIER
control field BD-DhUET
008 - FIXED-LENGTH DATA ELEMENTS--GENERAL INFORMATION
fixed length control field 800102s1980 nyua b 101 0 eng
020 ## - INTERNATIONAL STANDARD BOOK NUMBER
International Standard Book Number 0080255485
040 ## - CATALOGING SOURCE
Original cataloging agency DLC
Transcribing agency DLC
Modifying agency BD-DhUET
082 00 - DEWEY DECIMAL CLASSIFICATION NUMBER
Classification number 621.402
Item number GOS/1980
245 10 - TITLE STATEMENT
Title Factors affecting power plant waste heat utilization
Statement of responsibility, etc. edited by L. Barry Goss and Lilabeth Scott
250 ## - EDITION STATEMENT
Edition statement 1st ed.
260 ## - PUBLICATION, DISTRIBUTION, ETC. (IMPRINT)
Place of publication, distribution, etc. New York
Name of publisher, distributor, etc. Pergamon Press
Date of publication, distribution, etc. 1980
300 ## - PHYSICAL DESCRIPTION
Extent xvii, 230 p.
Other physical details ill.
Dimensions 24 cm.
650 #0 - SUBJECT ADDED ENTRY--TOPICAL TERM
Topical term or geographic name as entry element Heat recovery
650 #0 - SUBJECT ADDED ENTRY--TOPICAL TERM
Topical term or geographic name as entry element Electric power-plants
700 ## - ADDED ENTRY--PERSONAL NAME
Personal name Goss, L. Barry
700 ## - ADDED ENTRY--PERSONAL NAME
Personal name Scott, Lilabeth
942 ## - ADDED ENTRY ELEMENTS (KOHA)
Koha item type Edited Book
Holdings
Not for loan Piece designation (barcode) Koha date last seen Withdrawn status Shelving location Sublocation or collection (holding branch) Date acquired Koha full call number Koha normalized classification for sorting Source of classification or shelving scheme Location (home branch) Koha item type Lost status Price effective from Damaged status Copy number
 690352014-12-07 Circulation sectionCentral Library, BUET2014-12-07621.402/ GOS/1980621_402000000000000_GOS1980 Central Library, BUETEdited Book 2014-12-07 1
 690362014-12-07 Circulation sectionCentral Library, BUET2014-12-07621.402/ GOS/1980621_402000000000000_GOS1980 Central Library, BUETEdited Book 2014-12-07 2
 718532014-12-07 Circulation sectionCentral Library, BUET2014-12-07621.402/ GOS/1980621_402000000000000_GOS1980 Central Library, BUETEdited Book 2014-12-07 3
 720282014-12-07 Circulation sectionCentral Library, BUET2014-12-07621.402/ GOS/1980621_402000000000000_GOS1980 Central Library, BUETEdited Book 2014-12-07 4
 719642014-12-08 Circulation sectionCentral Library, BUET2014-12-08621.402/GOS/1980621_402000000000000_GOS_1980 Central Library, BUETEdited Book 2014-12-08 5